Z jakiego państwa jest ta marka - Statystyki

Ogólne statystyki
  • Ten quiz został rozwiązany 173 razy
  • Średni wynik to 24 z 35
Statystyki odpowiedzi
Marka Państwo % Poprawnych
Polonez Polska
92%
BMW Niemcy
91%
Mercedes Niemcy
91%
Audi Niemcy
91%
Ferrari Włochy
91%
Fiat Włochy
90%
Renault Francja
89%
Lamborghini Włochy
89%
Mitsubishi Japonia
88%
Porsche Niemcy
87%
Isuzu Japonia
85%
Dodge Stany Zjednoczone
85%
Hyundai Korea Południowa
83%
Tesla Stany Zjednoczone
83%
Lada Rosja
82%
Volvo Szwecja
80%
Hummer Stany Zjednoczone
78%
Daewoo Korea Południowa
77%
Cadillac Stany Zjednoczone
77%
Seat Hiszpania
73%
SsangYong Korea Południowa
72%
Jaguar Wielka Brytania
70%
Dacia Rumunia
69%
Bugatti Francja
68%
Scania Szwecja
66%
GMC Stany Zjednoczone
63%
Wołga Ukraina
59%
Koenigsegg Szwecja
58%
Tata Indie
56%
Lotus Wielka Brytania
53%
Saalen Stany Zjednoczone
27%
Spyker Holandia
22%
TVR Wielka Brytania
21%
Proton Malezja
12%
W Motors Zjednoczone Emiraty Arabskie
9%
Nie znaleziono quizów pasujących do podanych kryteriów
Rozkład punktacji
Procent ludzi z każdym wynikiem
Percentyl według liczby udzielonych odpowiedzi
Twoja historia wyników
Nie rozwiązałeś tego quizu